[Event "Wch Seniors 65 26th"]
[Site "Marianske Lazne"]
[Date "2016.11.28"]
[Round "9"]
[White "Kummer, Heinz"]
[Black "Kolek, Josef"]
[Result "1-0"]
[WhiteElo "1702"]
[BlackElo "1801"]
[PlyCount "65"]
[EventDate "2016.11.19"]
[EventType "swiss"]
[EventRounds "11"]
[EventCountry "CZE"]
[SourceTitle "CBM 175 Extra"]
[Source "ChessBase"]
[SourceDate "2016.12.12"]
[SourceVersion "1"]
[SourceVersionDate "2016.12.12"]
[SourceQuality "1"]

1. e4 c5 2. Nf3 Nc6 3. d4 cxd4 4. Nxd4 g6 5. Nc3 Bg7 6. Be3 d6 7. Qd2 Nf6 8. f3 0-0 9. 0-0-0 Bd7 10. g4 Qa5 11. Kb1 a6 12. h4 Rfc8 13. Nd5 Qxd2 14. Nxf6+ Bxf6 15. Rxd2 Ne5 16. g5 Bg7 17. c3 b5 18. Rdh2 Nc4 19. Bc1 Rab8 20. Bxc4 Rxc4 21. Nc2 a5 22. h5 b4 23. cxb4 axb4 24. Ne3 Rc6 25. Nd5 Kf8 26. hxg6 fxg6 27. Rxh7 Kf7 28. Nxe7 Ra6 29. Nd5 Be6 30. Be3 Bxd5 31. exd5 Kf8 32. Rxg7 Kxg7 33. Bd4+ 1-0

[Event "Feffernitz op 25th"]
[Site "Feffernitz"]
[Date "2016.08.21"]
[Round "1"]
[White "Kummer, Heinz"]
[Black "Mandekic, Ivan"]
[Result "0-1"]
[WhiteElo "1744"]
[BlackElo "2223"]
[PlyCount "96"]
[EventDate "2016.08.21"]
[EventType "swiss"]
[EventRounds "9"]
[EventCountry "AUT"]
[SourceTitle "CBM 174 Extra"]
[Source "ChessBase"]
[SourceDate "2016.10.10"]
[SourceVersion "1"]
[SourceVersionDate "2016.10.10"]
[SourceQuality "1"]

1. e4 c5 2. Nf3 e6 3. d4 cxd4 4. Nxd4 a6 5. Nc3 Nc6 6. Be2 Nge7 7. Be3 Nxd4 8. Bxd4 Nc6 9. Be3 b5 10. 0-0 Bb7 11. f4 Qc7 12. Bf3 Na5 13. Kh1 Nc4 14. Bc1 b4 15. Ne2 Nd6 16. Qd3 f5 17. Ng3 fxe4 18. Nxe4 Nxe4 19. Bxe4 Bxe4 20. Qxe4 Rc8 21. Rf2 Bc5 22. Be3 Bxe3 23. Qxe3 Qc5 24. Qe2 0-0 25. Rc1 Qc4 26. Qxc4 Rxc4 27. g3 g5 28. Rcf1 gxf4 29. gxf4 Rf5 30. a3 bxa3 31. bxa3 Kf7 32. Rb1 Rfxf4 33. Rxf4+ Rxf4 34. Kg2 Rc4 35. Rb2 Rc3 36. a4 Rc4 37. Ra2 a5 38. Kf3 e5 39. Ke3 d5 40. Kd3 Ke6 41. c3 Kd6 42. Rb2 Rxa4 43. Rb6+ Kc5 44. Rh6 Ra2 45. Rxh7 e4+ 46. Ke3 Rc2 47. Rc7+ Kd6 48. Rb7 Rxc3+ 0-1

[Event "EU-chT Seniors 11th"]
[Site "Velden"]
[Date "2009.04.10"]
[Round "6"]
[White "Perk, Egbert"]
[Black "Kummer, Heinz"]
[Result "1-0"]
[WhiteElo "2066"]
[BlackElo "1857"]
[PlyCount "126"]
[EventDate "2009.04.05"]
[EventType "team-swiss"]
[EventRounds "9"]
[EventCountry "AUT"]
[SourceTitle "CBM 129 Extra"]
[Source "ChessBase"]
[SourceDate "2009.05.05"]
[SourceVersion "2"]
[SourceVersionDate "2009.05.20"]
[SourceQuality "1"]

1. d4 g6 2. c4 Bg7 3. Nc3 d6 4. e4 Nc6 5. Be3 e5 6. Nge2 exd4 7. Nxd4 Nge7 8. Qd2 Bd7 9. Be2 a6 10. Rd1 0-0 11. Nxc6 Bxc6 12. Bd4 b6 13. Bxg7 Kxg7 14. 0-0 Ng8 15. f4 Qe7 16. Bf3 f6 17. Rfe1 Qf7 18. Qd4 Rae8 19. b4 h6 20. h4 h5 21. a4 Kh7 22. b5 axb5 23. axb5 Bb7 24. Ra1 Ra8 25. Nd5 Bxd5 26. cxd5 Qd7 27. Qc4 Rac8 28. Ra7 Nh6 29. Rc1 Rf7 30. f5 Ng4 31. Bxg4 hxg4 32. fxg6+ Kxg6 33. Rf1 Re8 34. Rf4 Re5 35. Qe2 Kg7 36. Rxg4+ Kf8 37. Ra8+ Re8 38. Rxe8+ Kxe8 39. Rg8+ Ke7 40. Qg4 Qxg4 41. Rxg4 Rh7 42. g3 Kf7 43. Rf4 Rh8 44. Rf3 Re8 45. Rc3 Rxe4 46. Rxc7+ Kg6 47. Rc6 Kf5 48. Rxd6 Rd4 49. Rxb6 Rxd5 50. Rb8 Rd2 51. b6 Rd3 52. Kf2 Rd2+ 53. Ke3 Rb2 54. b7 Rb3+ 55. Kf2 Rb2+ 56. Kf3 Rb3+ 57. Kg2 Rb2+ 58. Kh3 Rb3 59. h5 Rb1 60. h6 Ke4 61. Kg4 Rb4 62. Kh5 Kf5 63. h7 Rb1 1-0

[Event "Feffernitz Raika op 16th"]
[Site "Feffernitz"]
[Date "2007.08.23"]
[Round "6"]
[White "Kummer, Heinz"]
[Black "Zauner, Heinz"]
[Result "1/2-1/2"]
[WhiteElo "1795"]
[BlackElo "1624"]
[PlyCount "49"]
[EventDate "2007.08.19"]
[EventType "swiss"]
[EventRounds "9"]
[EventCountry "AUT"]
[SourceTitle "EXT 2008"]
[Source "ChessBase"]
[SourceDate "2007.11.25"]
[SourceVersion "1"]
[SourceVersionDate "2007.11.25"]
[SourceQuality "1"]

1. e4 e6 2. d4 d5 3. Nc3 c5 4. exd5 exd5 5. Nf3 Be6 6. Be3 cxd4 7. Nxd4 Nf6 8. Bb5+ Nbd7 9. 0-0 a6 10. Bxd7+ Qxd7 11. Nce2 Bd6 12. Bf4 0-0 13. Bxd6 Qxd6 14. Ng3 Qd7 15. Qd3 Rfe8 16. Rad1 Rad8 17. c3 Qc8 18. f3 Qc4 19. a3 Qxd3 20. Rxd3 g6 21. Re1 Bd7 22. Rde3 Rxe3 23. Rxe3 Re8 24. Kf2 Kf8 25. Ke2 1/2-1/2

[Event "Wch Seniors 15th"]
[Site "Lignano Sabbiadoro"]
[Date "2005.10.06"]
[Round "8"]
[White "Kummer, Heinz"]
[Black "Gardi, Giuseppe"]
[Result "1-0"]
[WhiteElo "1998"]
[BlackElo "2099"]
[PlyCount "73"]
[EventDate "2005.09.28"]
[EventType "swiss"]
[EventRounds "11"]
[EventCountry "ITA"]
[SourceTitle "CBM 108 Extra"]
[Source "ChessBase"]
[SourceDate "2005.11.04"]
[SourceVersion "1"]
[SourceVersionDate "2005.11.04"]
[SourceQuality "1"]

1. e4 g6 2. d4 d6 3. Nc3 c6 4. Be3 Qa5 5. Qd2 e5 6. Bc4 Bg7 7. Nge2 b5 8. Bb3 Nd7 9. 0-0 Ngf6 10. a3 0-0 11. f3 Bb7 12. Rad1 Rfd8 13. d5 c5 14. Nb1 c4 15. Qxa5 cxb3 16. cxb3 a6 17. Rc1 Ne8 18. Rc2 f5 19. Rfc1 Rdb8 20. Qe1 Ndf6 21. Nd2 f4 22. Bf2 g5 23. h3 Kf7 24. b4 h5 25. Nb3 g4 26. Na5 Nd7 27. Nxb7 Rxb7 28. Rc8 Rxc8 29. Rxc8 g3 30. Bxg3 fxg3 31. Nxg3 Nb6 32. Rc2 h4 33. Nf5 Bf6 34. Qc1 Nd7 35. Qh6 Nf8 36. Qh5+ Ng6 37. Rc8 1-0

[Event "Faakersee op 21st"]
[Site "Latschach"]
[Date "2005.08.14"]
[Round "2"]
[White "Rattinger, Friedrich"]
[Black "Kummer, Heinz"]
[Result "1-0"]
[WhiteElo "2166"]
[BlackElo "1998"]
[PlyCount "31"]
[EventDate "2005.08.13"]
[EventType "swiss"]
[EventRounds "9"]
[EventCountry "AUT"]
[SourceTitle "EXT 2006"]
[Source "ChessBase"]
[SourceDate "2005.11.24"]
[SourceVersion "1"]
[SourceVersionDate "2005.11.24"]
[SourceQuality "1"]

1. e4 c5 2. Nf3 d6 3. d4 cxd4 4. Nxd4 Nf6 5. Nc3 a6 6. Be3 e6 7. a4 b6 8. a5 b5 9. Ndxb5 axb5 10. Bb6 Qd7 11. Bxb5 Nc6 12. e5 Ng8 13. exd6 f5 14. Qf3 Bb7 15. a6 Kf7 16. 0-0 1-0

[Event "Feffernitz Raika op 13th"]
[Site "Feffernitz"]
[Date "2004.08.17"]
[Round "4"]
[White "Kummer, Heinz"]
[Black "Mandl, Stefan"]
[Result "1/2-1/2"]
[WhiteElo "2012"]
[BlackElo "1654"]
[PlyCount "81"]
[EventDate "2004.08.14"]
[EventType "swiss"]
[EventRounds "9"]
[EventCountry "AUT"]
[SourceTitle "EXT 2005"]
[Source "ChessBase"]
[SourceDate "2004.11.15"]
[SourceVersion "1"]
[SourceVersionDate "2004.11.15"]
[SourceQuality "1"]

1. e4 c5 2. d4 cxd4 3. c3 Nf6 4. e5 Nd5 5. Bc4 Nb6 6. Bb3 Nc6 7. Nf3 e6 8. cxd4 d6 9. 0-0 Be7 10. Nc3 0-0 11. Qe2 Bd7 12. Rd1 d5 13. h3 f5 14. exf6 Bxf6 15. Be3 a6 16. Ne5 Nxe5 17. dxe5 Bg5 18. Qd2 Bxe3 19. Qxe3 Rc8 20. Rd4 Bc6 21. Ne4 Rc7 22. Ng5 Qe7 23. Qg3 Rf5 24. Nf3 Bb5 25. Rg4 Be2 26. Rf4 Rxf4 27. Qxf4 Bxf3 28. Qxf3 Qg5 29. Re1 Rc1 30. Qe2 Rxe1+ 31. Qxe1 Nd7 32. Qc3 Qxe5 33. Qc8+ Nf8 34. Qxb7 Qe1+ 35. Kh2 Qxf2 36. Qxa6 Qxb2 37. Qd6 h6 38. Qb6 Qe5+ 39. Kg1 Qe1+ 40. Kh2 Qc3 41. a4 1/2-1/2

[Event "Wch Seniors 12th"]
[Site "Naumburg"]
[Date "2002.11.01"]
[Round "10"]
[White "Kummer, Heinz"]
[Black "Fassmann, Ewald Josef"]
[Result "1/2-1/2"]
[WhiteElo "2051"]
[BlackElo "1771"]
[PlyCount "34"]
[EventDate "2002.10.21"]
[EventType "swiss"]
[EventRounds "11"]
[EventCountry "GER"]
[SourceTitle "EXT 2006"]
[Source "ChessBase"]
[SourceDate "2005.11.24"]
[SourceVersion "1"]
[SourceVersionDate "2005.11.24"]
[SourceQuality "1"]

1. e4 e5 2. Nf3 Nc6 3. Bc4 d6 4. d4 exd4 5. Nxd4 Nf6 6. Nc3 Be7 7. 0-0 0-0 8. a3 a6 9. Nxc6 bxc6 10. Bd3 Re8 11. Ne2 Nd7 12. Nd4 Ne5 13. Be2 c5 14. Nf3 Nxf3+ 15. Bxf3 Rb8 16. Qd3 Bg5 17. b3 Bxc1 1/2-1/2

[Event "Wch Seniors 12th"]
[Site "Naumburg"]
[Date "2002.10.30"]
[Round "8"]
[White "Kummer, Heinz"]
[Black "Meinhardt, Guenther"]
[Result "1/2-1/2"]
[WhiteElo "2051"]
[BlackElo "1763"]
[PlyCount "40"]
[EventDate "2002.10.21"]
[EventType "swiss"]
[EventRounds "11"]
[EventCountry "GER"]
[SourceTitle "EXT 2006"]
[Source "ChessBase"]
[SourceDate "2005.11.24"]
[SourceVersion "1"]
[SourceVersionDate "2005.11.24"]
[SourceQuality "1"]

1. e4 d5 2. exd5 Nf6 3. d4 Nxd5 4. c4 Nb6 5. Be3 c6 6. Nc3 Bf5 7. Nf3 N8d7 8. Be2 e6 9. 0-0 Be7 10. Qd2 0-0 11. Rfd1 Bg4 12. b3 Nf6 13. Ne5 Bxe2 14. Qxe2 Bb4 15. Qc2 Qe7 16. Ne4 Nxe4 17. Qxe4 Rad8 18. Qg4 Nd7 19. Nf3 Nf6 20. Qh4 Nd7 1/2-1/2

[Event "Wch Seniors 12th"]
[Site "Naumburg"]
[Date "2002.10.28"]
[Round "6"]
[White "Kummer, Heinz"]
[Black "Haupt, Joachim"]
[Result "1-0"]
[WhiteElo "2051"]
[BlackElo "1745"]
[PlyCount "58"]
[EventDate "2002.10.21"]
[EventType "swiss"]
[EventRounds "11"]
[EventCountry "GER"]
[SourceTitle "EXT 2006"]
[Source "ChessBase"]
[SourceDate "2005.11.24"]
[SourceVersion "1"]
[SourceVersionDate "2005.11.24"]
[SourceQuality "1"]

1. e4 c5 2. d4 cxd4 3. c3 d6 4. Nf3 Nf6 5. Bd3 g6 6. 0-0 dxc3 7. Nxc3 Bg7 8. Bc4 Nc6 9. Qe2 Bg4 10. Rd1 Ne5 11. Bb3 0-0 12. Be3 Qd7 13. Nxe5 Bxe2 14. Nxd7 Bxd1 15. Nxf6+ Bxf6 16. Rxd1 Rac8 17. Nd5 Kg7 18. Nxf6 Kxf6 19. Bxa7 Rc6 20. Bd4+ e5 21. Bc3 Rd8 22. g3 Ke7 23. h4 h5 24. Kg2 Rh8 25. f4 f6 26. Rd5 Ra8 27. Rb5 Ra7 28. Bd5 Rc7 29. Rb6 Kd8 1-0

[Event "Wch Seniors 12th"]
[Site "Naumburg"]
[Date "2002.10.23"]
[Round "3"]
[White "Pastowski, Werner"]
[Black "Kummer, Heinz"]
[Result "1/2-1/2"]
[WhiteElo "1550"]
[BlackElo "2051"]
[PlyCount "111"]
[EventDate "2002.10.21"]
[EventType "swiss"]
[EventRounds "11"]
[EventCountry "GER"]
[SourceTitle "EXT 2006"]
[Source "ChessBase"]
[SourceDate "2005.11.24"]
[SourceVersion "1"]
[SourceVersionDate "2005.11.24"]
[SourceQuality "1"]

1. c4 Nf6 2. Nc3 g6 3. g3 Bg7 4. Bg2 c5 5. Nf3 Nc6 6. 0-0 0-0 7. d3 d6 8. Be3 Ng4 9. Bd2 Bd7 10. Qc1 Rb8 11. h3 Nf6 12. Bh6 a6 13. Bxg7 Kxg7 14. e4 e6 15. Re1 Ne5 16. Nxe5 dxe5 17. Qe3 Qc7 18. Rac1 Ng8 19. Rc2 Ne7 20. b3 b6 21. Ne2 Nc6 22. f4 Rbd8 23. Rf1 Bc8 24. Rd2 Nd4 25. Nxd4 Rxd4 26. fxe5 Qxe5 27. Qf4 Qxf4 28. Rxf4 e5 29. Rf3 Rfd8 30. Re3 Be6 31. Kf2 b5 32. cxb5 axb5 33. Bf1 c4 34. bxc4 bxc4 35. Ke1 cxd3 36. Rexd3 Rxd3 37. Rxd3 Rxd3 38. Bxd3 Bxa2 39. Kf2 h5 40. h4 Be6 41. Ke3 f5 42. exf5 Bxf5 43. Be2 Kf6 44. Bf3 Ke6 45. Be2 Kd6 46. Bf3 Kc5 47. Be2 Be6 48. Bd3 Bf5 49. Be2 Kd5 50. Bf3+ Ke6 51. Be2 Bg4 52. Bd3 Kf6 53. Be4 g5 54. hxg5+ Kxg5 55. Bd3 Kf6 56. Bc2 1/2-1/2

[Event "Wch Seniors 12th"]
[Site "Naumburg"]
[Date "2002.10.21"]
[Round "1"]
[White "Malinichev, Konstantin"]
[Black "Kummer, Heinz"]
[Result "1-0"]
[WhiteElo "1000"]
[BlackElo "2051"]
[PlyCount "69"]
[EventDate "2002.10.21"]
[EventType "swiss"]
[EventRounds "11"]
[EventCountry "GER"]
[SourceTitle "EXT 2006"]
[Source "ChessBase"]
[SourceDate "2005.11.24"]
[SourceVersion "1"]
[SourceVersionDate "2005.11.24"]
[SourceQuality "1"]

1. e4 c5 2. Nf3 d6 3. d4 cxd4 4. Qxd4 Nc6 5. Bb5 Bd7 6. Bxc6 Bxc6 7. Nc3 e5 8. Qd3 Be7 9. 0-0 Qc7 10. Rd1 Rd8 11. Qc4 Rd7 12. Qe2 Nf6 13. Bg5 h6 14. Bxf6 Bxf6 15. Nd5 Bxd5 16. Rxd5 0-0 17. c4 Be7 18. Rad1 Rdd8 19. b3 b6 20. R1d3 f5 21. exf5 Rxf5 22. Nd4 exd4 23. Rxf5 Qd7 24. Qf3 Re8 25. Qd5+ Kh8 26. Rxd4 Bf6 27. Re4 a6 28. g3 b5 29. cxb5 Rxe4 30. Qxe4 axb5 31. Rd5 Qc6 32. Qd3 Qc1+ 33. Kg2 Qa3 34. Qxb5 Qa8 35. Qa5 1-0

[Event "Bled Seniors op 23rd"]
[Site "Bled"]
[Date "2002.07.08"]
[Round "6"]
[White "Piber, Vinko"]
[Black "Kummer, Heinz"]
[Result "0-1"]
[WhiteElo "2038"]
[BlackElo "2066"]
[PlyCount "118"]
[EventDate "2002.07.03"]
[EventType "swiss"]
[EventRounds "9"]
[EventCountry "SLO"]
[SourceTitle "CBM 089 Extra"]
[Source "ChessBase"]
[SourceDate "2002.09.10"]
[SourceVersion "2"]
[SourceVersionDate "2002.09.10"]
[SourceQuality "1"]

1. e4 c5 2. c3 Nf6 3. e5 Nd5 4. Nf3 e6 5. Bc4 Nb6 6. Bb3 d5 7. d4 N8d7 8. 0-0 Be7 9. Bf4 Nf8 10. dxc5 Bxc5 11. Bg5 Be7 12. h4 Bd7 13. a4 Bc6 14. Qd4 Nbd7 15. Bxe7 Qxe7 16. Na3 Qd8 17. Bc2 Ng6 18. h5 Ne7 19. b4 b6 20. g4 h6 21. Nb5 Nc8 22. Bd3 a5 23. Nd6+ Nxd6 24. exd6 Kf8 25. b5 Bb7 26. Qf4 Qf6 27. Qg3 Rc8 28. Nd4 Qe5 29. Ne2 Qxg3+ 30. fxg3 Ne5 31. Nf4 Ke8 32. Be2 Kd7 33. Nd3 Kxd6 34. Nxe5 Kxe5 35. Rxf7 Ba8 36. Rc1 Rhg8 37. Bd3 Kd6 38. Bh7 Rgf8 39. Rxg7 Rf3 40. Re1 Rxg3+ 41. Kf2 Rgxc3 42. Rg6 Re8 43. Bg8 d4 44. Rexe6+ Rxe6 45. Rxe6+ Kc5 46. g5 hxg5 47. h6 Rh3 48. Ke2 Kb4 49. h7 Kc3 50. Re8 Bh1 51. Rc8+ Kb2 52. Rc4 Be4 53. Rxd4 Bxh7 54. Bxh7 Rxh7 55. Rg4 Rh5 56. Rg3 Kc2 57. Kf3 Kb2 58. Rg4 Rh4 59. Rxg5 Rxa4 0-1